| 000 | 00760nam a2200241 a 4500 | ||
|---|---|---|---|
| 001 | BRL_1712 | ||
| 005 | 20190320211332.0 | ||
| 008 | 280514s1967----mx-a######---#000-0#spa-# | ||
| 041 |
_aspa _heng |
||
| 044 | _amx | ||
| 050 | 4 |
_aND259.N5 _b.P45 1967 |
|
| 100 | 1 |
_aPellicer, Carlos _d1897-1977 _94976 |
|
| 245 | 1 | 0 |
_aLeonardo Nierman _ctexto Carlos Pellicer. |
| 260 |
_aMéxico _bArtes de México _c[1967?] |
||
| 300 |
_a[11] p. _bil. 44 láminas (a color) _c33 cm. _e+ 1 disco análogo( 33 1/3 rpm) |
||
| 500 | _aAu200 | ||
| 500 | _aTexto en: español e inglés | ||
| 600 | 1 | 4 |
_aNierman, Leonardo _d1932 _927705 |
| 650 | 1 | 4 |
_aPintores mexicanos _ySiglo XX _9265 |
| 650 | 1 | 4 |
_aPintura mexicana contemporánea _ySiglo XX _927706 |
| 902 | _aGRL | ||
| 942 |
_2lcc _cB |
||
| 999 |
_c10520 _d10520 |
||